Vědeckotechnický pokrok a intezifikace

Saved in:
Bibliographic Details
Format: Book
Language:Czech
Published: Praha Melantrich 1988
Edition:1. vyd.
Tags: Add Tag
No Tags, Be the first to tag this record!

MARC

LEADER 00000nam a2200000 4500
001 c028293
005 20250127100320.1
041 0 |a cze 
044 |a CZ 
245 1 0 |a Vědeckotechnický pokrok a intezifikace  |c Karel Löbl, Ladislav Říha 
250 |a 1. vyd. 
264 1 |a Praha  |b Melantrich  |c 1988 
300 |a 574 s.